[Event "MFR_QT_2015"]
[Site "Nürnberg"]
[Date "2015.04.01"]
[Round "1.1"]
[White "Müller, Ludwig"]
[Black "Kuhmann, Peter"]
[Result "1/2-1/2"]
[WhiteElo "1601"]
[BlackElo "1969"]
[PlyCount "80"]
[EventDate "2015.??.??"]
[WhiteTeam "SG Nürnberg 1978 e.V."]
[BlackTeam "TSV Kirchehrenbach"]

1. Nf3 Nf6 2. c4 e6 3. Nc3 b6 4. g3 Bb7 5. Bg2 c5 6. O-O Be7 7. e3 d5 8. cxd5
Nxd5 9. Nxd5 Bxd5 10. d4 Nd7 11. b3 cxd4 12. Nxd4 Bxg2 13. Kxg2 Nc5 14. Nc6 Qc7
15. Nxe7 Qxe7 16. Ba3 O-O 17. Bxc5 Qxc5 18. Rc1 Qa5 19. Qe2 Rfd8 20. Rfd1 h6
21. Rc2 Rd5 22. Rcd2 Rad8 23. Rxd5 Rxd5 24. Rxd5 exd5 25. Qc2 Qc5 26. Qxc5 bxc5
27. Kf3 Kf8 28. Kf4 f6 29. Kf3 Ke7 30. Ke2 Kd6 31. Kd3 f5 32. f4 Kc6 33. a3 a5
34. a4 Kd6 35. h3 g5 36. h4 gxf4 37. gxf4 Ke6 38. h5 Kd6 39. Kc3 Kc6 40. Kd3
Kd6 1/2-1/2

[Event "MFR_QT_2015"]
[Site "Nürnberg"]
[Date "2015.04.01"]
[Round "1.2"]
[White "Birkmann, Günther"]
[Black "Diller, Andreas"]
[Result "0-1"]
[WhiteElo "2052"]
[BlackElo "1572"]
[PlyCount "80"]
[EventDate "2015.??.??"]
[WhiteTeam "SK Zirndorf e.V."]
[BlackTeam "SK Rothenburg e.V."]

1. Nf3 e6 2. c4 d5 3. d4 Nf6 4. g3 c6 5. Qc2 Bd6 6. b3 Nbd7 7. Bb2 O-O 8. Nbd2
Qc7 9. Bg2 Re8 10. Rc1 Nf8 11. O-O Ng6 12. Rfe1 Bd7 13. e4 dxe4 14. Nxe4 Nxe4
15. Qxe4 Qa5 16. Qc2 c5 17. dxc5 Bxc5 18. a3 Qc7 19. b4 Be7 20. h4 Rac8 21. h5
Nf8 22. h6 Bf6 23. hxg7 Bxg7 24. Bxg7 Kxg7 25. Qc3+ Kg8 26. Ne5 f5 27. Rcd1 Ba4
28. Rd4 Ng6 29. Nxg6 hxg6 30. Rh4 Qg7 31. Qxg7+ Kxg7 32. Bxb7 Rcd8 33. c5 Re7
34. Ba6 g5 35. Rc4 Rd3 36. Ra1 Kf8 37. b5 Bb3 38. Rb4 Bd5 39. b6 Rh7 40. Bxd3
Rh1# 0-1

[Event "MFR_QT_2015"]
[Site "Nürnberg"]
[Date "2015.04.01"]
[Round "1.3"]
[White "Sroka, Dieter"]
[Black "Lais, Thomas"]
[Result "1/2-1/2"]
[WhiteElo "1752"]
[BlackElo "1936"]
[PlyCount "107"]
[EventDate "2015.??.??"]
[WhiteTeam "SC  JÄKLECHEMIE"]
[BlackTeam "SW Nürnberg Süd"]

1. d4 Nf6 2. c4 g6 3. Nc3 d5 4. Qb3 dxc4 5. Qxc4 Bg7 6. e4 O-O 7. Be2 a6 8. Nf3
b5 9. Qd3 Bb7 10. a3 Nfd7 11. Be3 Nc6 12. O-O e6 13. e5 Ne7 14. Ne4 Nd5 15. Bg5
Qe8 16. Rac1 h6 17. Bd2 Qe7 18. Nc5 Nxc5 19. Rxc5 Rfd8 20. g3 Qe8 21. Ba5 Rd7
22. Rfc1 Rc8 23. Nd2 Bf8 24. R5c2 c5 25. Ne4 cxd4 26. Rxc8 Bxc8 27. Qxd4 Bg7
28. Qc5 Bb7 29. Nd6 Qb8 30. Nxb7 Qxb7 31. Qc8+ Qxc8 32. Rxc8+ Kh7 33. Rc6 Bxe5
34. Rxa6 Rb7 35. b3 Bb2 36. a4 bxa4 37. bxa4 Bd4 38. Bb5 Nf6 39. Rd6 Bc5 40.
Rc6 Ba7 41. Bc3 Ne4 42. Be1 Kg7 43. Kg2 e5 44. f3 Nf6 45. Bc3 Re7 46. Bb4 Rb7
47. Rc8 Bd4 48. Bf8+ Kh7 49. Bd6 Kg7 50. Rb8 Ra7 51. Bf8+ Kh7 52. Bb4 Rc7 53.
Bd3 Nd5 54. a5 1/2-1/2

[Event "MFR_QT_2015"]
[Site "Nürnberg"]
[Date "2015.04.01"]
[Round "1.4"]
[White "Süß, Helmut"]
[Black "Röckl, Adelbert"]
[Result "1-0"]
[WhiteElo "1955"]
[BlackElo "1596"]
[PlyCount "69"]
[EventDate "2015.??.??"]
[WhiteTeam "SC NT Nürnberg"]
[BlackTeam "Nürnberg Zabo Spvg"]

1. Nf3 Nf6 2. c4 b6 3. Nc3 Bb7 4. d3 e6 5. e4 d6 6. Be2 Be7 7. O-O O-O 8. h3
Nc6 9. d4 Re8 10. d5 exd5 11. cxd5 Ne5 12. Nd4 c6 13. f4 Ng6 14. dxc6 Bc8 15.
Bf3 Ba6 16. Re1 Nh4 17. Be2 Bxe2 18. Qxe2 Ng6 19. Be3 Bf8 20. Qd3 d5 21. e5 Ne4
22. Nxe4 dxe4 23. Qxe4 Bc5 24. Red1 Qe7 25. Nf5 Qe6 26. Bxc5 bxc5 27. Rd6 Qc8
28. Rd7 Qb8 29. Qc4 Rf8 30. Rad1 Qxb2 31. Rb7 Qa3 32. Rdd7 Qa5 33. Rxf7 Kh8 34.
Rxg7 Nxe5 35. Rxh7# 1-0

[Event "MFR_QT_2015"]
[Site "Nürnberg"]
[Date "2015.04.01"]
[Round "1.5"]
[White "Hoffmann, Sebastian"]
[Black "Chowdhury, Sandip"]
[Result "0-1"]
[WhiteElo "1796"]
[BlackElo "1540"]
[PlyCount "98"]
[EventDate "2015.??.??"]
[WhiteTeam "SC Noris-Tarrasch Nürnberg"]
[BlackTeam "SC NT Nürnberg"]

1. e4 c5 2. d4 cxd4 3. c3 g6 4. cxd4 Bg7 5. Nf3 d5 6. exd5 Qxd5 7. Nc3 Qd8 8.
Bc4 Nf6 9. Bf4 O-O 10. O-O Bg4 11. Nb5 Nc6 12. d5 Na5 13. Bc7 Qc8 14. Be2 a6
15. Bxa5 axb5 16. Bb4 Rd8 17. Bxe7 Rxd5 18. Qb3 Qe6 19. Bxf6 Bxf6 20. Rfe1 Qd7
21. Red1 Be6 22. Qb4 Ra4 23. Rxd5 Rxb4 24. Rxd7 Bxd7 25. Rd1 Bc6 26. b3 Re4 27.
Kf1 b4 28. Ne1 Rd4 29. Bd3 Rd8 30. f3 Be5 31. Kf2 Bd4+ 32. Kf1 Be5 33. h3 Bc3
34. Nc2 Kg7 35. Ne3 f5 36. Nc2 Rd7 37. Kf2 Bf6 38. g4 f4 39. Ne1 g5 40. Ng2
Bd4+ 41. Ke2 Bc3 42. Rf1 Re7+ 43. Kd1 Rd7 44. Kc2 Bb5 45. Rd1 Bc6 46. Be2 Rxd1
47. Bxd1 Be8 48. Be2 Kf6 49. Kd3 Bb5+ 0-1

[Event "MFR_QT_2015"]
[Site "Nürnberg"]
[Date "2015.04.01"]
[Round "1.6"]
[White "Häßlein, Rainer"]
[Black "Pidtoptanyy, Igor"]
[Result "0-1"]
[WhiteElo "1510"]
[BlackElo "1959"]
[PlyCount "40"]
[EventDate "2015.??.??"]
[WhiteTeam "Wolframs-Eschenbach"]
[BlackTeam "SW Nürnberg Süd"]

1. d4 Nf6 2. c4 e5 3. dxe5 Ng4 4. Nf3 Bc5 5. e3 Nc6 6. Qd5 Qe7 7. Bd2 Ngxe5 8.
Bc3 d6 9. Nxe5 dxe5 10. Nd2 Be6 11. Qf3 f5 12. O-O-O O-O-O 13. e4 Rhf8 14. Nb3
fxe4 15. Rxd8+ Qxd8 16. Qh5 Bxf2 17. Qxh7 Be3+ 18. Bd2 Bxd2+ 19. Nxd2 e3 20.
Ne4 Bf5 0-1

[Event "MFR_QT_2015"]
[Site "Nürnberg"]
[Date "2015.04.01"]
[Round "1.7"]
[White "Zeug, Klaus-Peter"]
[Black "Rummel, Gerald"]
[Result "1/2-1/2"]
[WhiteElo "1613"]
[BlackElo "1809"]
[PlyCount "85"]
[EventDate "2015.??.??"]
[WhiteTeam "SK Nürnberg"]
[BlackTeam "SC Anderssen Nbg"]

1. e4 e6 2. d4 d5 3. Nd2 Nf6 4. e5 Nfd7 5. Bd3 c5 6. c3 Nc6 7. Ne2 Qb6 8. Nf3
cxd4 9. cxd4 f6 10. exf6 Nxf6 11. O-O Bd6 12. Re1 O-O 13. b3 Bd7 14. Bf4 Bxf4
15. Nxf4 Rae8 16. Ne2 e5 17. dxe5 Ng4 18. Rf1 Ncxe5 19. Ned4 Kh8 20. h3 Nxf3+
21. Nxf3 Nf6 22. Rc1 Bc6 23. Bc2 Ne4 24. Qd4 Ng5 25. Qxb6 Nxf3+ 26. gxf3 axb6
27. Bd1 Bb5 28. Rc7 Bxf1 29. Kxf1 Rf6 30. Rd7 Rfe6 31. Rxd5 g6 32. b4 Re5 33.
Rd4 b5 34. Bb3 Kg7 35. Rd7+ R8e7 36. Rd8 Kh6 37. Bd5 Re1+ 38. Kg2 Rb1 39. Bb3
Ree1 40. f4 Re4 41. Bc2 Rexb4 42. Bxb1 Rxb1 43. Rb8 1/2-1/2

[Event "MFR_QT_2015"]
[Site "Nürnberg"]
[Date "2015.04.01"]
[Round "1.8"]
[White "Walch, Roger"]
[Black "Schmucker, Jonas"]
[Result "1-0"]
[WhiteElo "1757"]
[BlackElo "1447"]
[PlyCount "23"]
[EventDate "2015.??.??"]
[WhiteTeam "SW Nürnberg Süd"]
[BlackTeam "SC NT Nürnberg"]

1. e4 d5 2. exd5 Qxd5 3. Nc3 Qa5 4. Bc4 Nf6 5. Qe2 Nc6 6. Nf3 Nb4 7. d3 Bg4 8.
O-O c6 9. Bxf7+ Kxf7 10. Ne5+ Kg8 11. Nxg4 Nxg4 12. Qe6# 1-0

[Event "MFR_QT_2015"]
[Site "Nürnberg"]
[Date "2015.04.01"]
[Round "1.9"]
[White "Dreiseitel, Werner"]
[Black "Diebel, Günter"]
[Result "0-1"]
[WhiteElo "1571"]
[BlackElo "1709"]
[PlyCount "52"]
[EventDate "2015.??.??"]
[WhiteTeam "SC NT Nürnberg"]
[BlackTeam "SW Nürnberg Süd"]

1. d4 d5 2. Bf4 Nc6 3. Nf3 h6 4. h3 Bf5 5. a3 Nf6 6. e3 e6 7. c4 g5 8. Bh2 Ne4
9. Nbd2 g4 10. hxg4 Bxg4 11. Be2 Bg7 12. Nxe4 dxe4 13. Nd2 Bf5 14. Qb3 b6 15.
O-O-O O-O 16. f3 Na5 17. Qa2 Rc8 18. fxe4 Bg6 19. Bf4 c5 20. Nf3 cxd4 21. exd4
Bxe4 22. Bxh6 Bxh6+ 23. Rxh6 Bxf3 24. Rdh1 Bxe2 25. b3 Qg5+ 26. Qd2 Nxb3+ 0-1

[Event "MFR_QT_2015"]
[Site "Nürnberg"]
[Date "2015.04.01"]
[Round "1.10"]
[White "Cordts, Elof"]
[Black "Dreiseitel, Ursula"]
[Result "1-0"]
[WhiteElo "1779"]
[BlackElo "1483"]
[PlyCount "65"]
[EventDate "2015.??.??"]
[WhiteTeam "SC Erlangen"]
[BlackTeam "SC NT Nürnberg"]

1. c4 e5 2. Nc3 c6 3. Nf3 Qc7 4. e4 Nf6 5. d3 Bb4 6. Bd2 O-O 7. Be2 d6 8. O-O
Bg4 9. a3 Bxc3 10. Bxc3 Nbd7 11. Rc1 Rac8 12. Qd2 Rfd8 13. Nh4 Be6 14. Kh1 d5
15. cxd5 cxd5 16. exd5 Bxd5 17. Ba5 Qb8 18. Bxd8 Rxd8 19. Nf5 Nf8 20. Qc3 Ng6
21. Qc7 Bc6 22. Qxb8 Rxb8 23. f3 Rd8 24. Kg1 Kf8 25. Kf2 Nf4 26. Rfd1 N6d5 27.
Bf1 g6 28. Ne3 Nb6 29. b3 Nd7 30. d4 exd4 31. Rxd4 Ne6 32. Rd2 Nec5 33. Rxc5
1-0

[Event "MFR_QT_2015"]
[Site "Nürnberg"]
[Date "2015.04.01"]
[Round "1.11"]
[White "Majid, Hakim"]
[Black "Nagel, Felix"]
[Result "0-1"]
[WhiteElo "1287"]
[BlackElo "1670"]
[PlyCount "64"]
[EventDate "2015.??.??"]
[WhiteTeam "SW Nürnberg Süd e.V."]
[BlackTeam "SC Anderssen Nbg"]

1. e4 c6 2. c4 d5 3. d3 e5 4. Nd2 Nf6 5. Ngf3 Qc7 6. Be2 Bc5 7. O-O O-O 8. Nb3
Be7 9. Bd2 dxe4 10. dxe4 Nxe4 11. Be3 Rd8 12. Qc2 Bf5 13. Qc1 c5 14. Bg5 Nxg5
15. Nxg5 h6 16. Nf3 e4 17. Ne1 Bg5 18. Qc3 Bf6 19. Qc1 Qe5 20. Rb1 Nc6 21. Nc2
Nd4 22. Ncxd4 cxd4 23. c5 e3 24. f4 Qe4 25. Ra1 d3 26. Bf3 Qe7 27. Re1 d2 28.
Nxd2 exd2 29. Rxe7 dxc1=Q+ 30. Rxc1 Bxe7 31. Bxb7 Rab8 32. c6 Rd2 0-1

[Event "MFR_QT_2015"]
[Site "Nürnberg"]
[Date "2015.04.01"]
[Round "1.12"]
[White "Münzenberg, Dietrich"]
[Black "Nam, Siwon"]
[Result "1-0"]
[WhiteElo "1729"]
[BlackElo "1250"]
[PlyCount "63"]
[EventDate "2015.??.??"]
[WhiteTeam "Zabo-Eintracht Nürnberg"]
[BlackTeam "SC NT Nürnberg"]

1. d4 d5 2. Bg5 Nc6 3. c3 f6 4. Bh4 Bf5 5. Nd2 e5 6. e3 exd4 7. exd4 Bd6 8. Be2
Nge7 9. Ngf3 O-O 10. O-O Ng6 11. Bg3 Qe7 12. Nh4 Nxh4 13. Bxh4 Rae8 14. Bf3 Be6
15. Qb3 Na5 16. Qb5 b6 17. Bxd5 Bxd5 18. Qxd5+ Qf7 19. Qxf7+ Rxf7 20. Rfe1
Rxe1+ 21. Rxe1 Bf4 22. Re2 Bxd2 23. Rxd2 Nc4 24. Re2 a5 25. b3 Na3 26. Bg3 h6
27. Re8+ Rf8 28. Rxf8+ Kxf8 29. Bxc7 Ke7 30. Bxb6 Kd6 31. Bc5+ Kd5 32. Bxa3 1-0

[Event "MFR_QT_2015"]
[Site "Nürnberg"]
[Date "2015.04.01"]
[Round "1.13"]
[White "Leibel, Georg"]
[Black "Walter, Manfred"]
[Result "0-1"]
[WhiteElo "1221"]
[BlackElo "1729"]
[PlyCount "104"]
[EventDate "2015.??.??"]
[WhiteTeam "SC NT Nürnberg"]
[BlackTeam "SV Lauf"]

1. e4 d6 2. Nf3 Nf6 3. Nc3 e5 4. d4 exd4 5. Nxd4 Be7 6. Bc4 O-O 7. O-O Nc6 8.
b3 Nxd4 9. Qxd4 Re8 10. Bb2 Be6 11. Rfe1 c6 12. Bd3 Qc7 13. Ne2 Nh5 14. Rab1
Bf6 15. Qe3 Bxb2 16. Rxb2 Nf6 17. Nf4 Bd7 18. c4 Ng4 19. Qg3 Nf6 20. Rbe2 Re5
21. Bc2 Rae8 22. Qh4 h6 23. Re3 Rg5 24. h3 Ree5 25. Bd1 Qa5 26. Nd3 Re8 27. a4
b5 28. f4 Rg6 29. e5 Qd2 30. Bf3 Bf5 31. Nf2 dxe5 32. Bxc6 Re6 33. cxb5 Ne4 34.
Bxe4 Bxe4 35. Rxe4 f5 36. Rd1 Qc2 37. Rc4 Qxb3 38. Rc8+ Kh7 39. Qd8 Rgf6 40.
Qg8+ Kg6 41. fxe5 Rf7 42. Rd3 Qb1+ 43. Kh2 f4 44. Rd7 Ree7 45. Rc6+ Kh5 46.
Rxe7 Rxe7 47. e6 Qg6 48. Rc5+ Kh4 49. Qb8 Qg3+ 50. Kg1 Rxe6 51. Qd8+ g5 52. Qd7
Re1# 0-1

[Event "MFR_QT_2015"]
[Site "Nürnberg"]
[Date "2015.04.01"]
[Round "1.14"]
[White "Weißmann, Peter"]
[Black "Huber, Dominik"]
[Result "1-0"]
[WhiteElo "1795"]
[BlackElo "1087"]
[PlyCount "75"]
[EventDate "2015.??.??"]
[WhiteTeam "SK Zirndorf"]
[BlackTeam "SC Noris-Tarrasch Nürnberg"]

1. e4 e5 2. d4 exd4 3. Nf3 Nc6 4. Bc4 Bc5 5. c3 dxc3 6. Bxf7+ Kxf7 7. Qd5+ Kf8
8. Qxc5+ d6 9. Qxc3 Qe7 10. Qd3 Bf5 11. Nc3 Nf6 12. O-O Bxe4 13. Nxe4 Qxe4 14.
Qb5 Qb4 15. Qd3 Re8 16. Bd2 Qxb2 17. Rfb1 Qxa1 18. Rxa1 Ne5 19. Nxe5 Rxe5 20.
Re1 Rd5 21. Qc2 c6 22. Be3 Kf7 23. Rd1 Re8 24. Rxd5 Nxd5 25. Qxh7 Nxe3 26. fxe3
Rxe3 27. Qf5+ Ke8 28. Qc8+ Kf7 29. Qxb7+ Ke6 30. Qxc6 Ra3 31. h4 Rg3 32. Qe4+
Kd7 33. Qb7+ Ke6 34. Qxa7 Ke5 35. Kf2 Rg4 36. Kf3 Rf4+ 37. Kg3 Kf6 38. Kxf4 1-0

[Event "MFR_QT_2015"]
[Site "Nürnberg"]
[Date "2015.04.01"]
[Round "1.15"]
[White "Grieneisen Pivatto, Tanja"]
[Black "Gets, Alexej"]
[Result "0-1"]
[WhiteElo "1055"]
[BlackElo "1643"]
[PlyCount "36"]
[EventDate "2015.??.??"]
[WhiteTeam "FSV Großenseebach"]
[BlackTeam "SC NT Nürnberg"]

1. e4 c5 2. Nf3 e6 3. Bc4 a6 4. d3 Nc6 5. O-O b5 6. Bb3 Bb7 7. Bg5 Be7 8. Bf4
Nf6 9. c3 O-O 10. Bg3 Nh5 11. d4 Nxg3 12. hxg3 c4 13. Bc2 Qc7 14. e5 d6 15.
Bxh7+ Kxh7 16. Ng5+ Bxg5 17. Qh5+ Bh6 18. Qf5+ exf5 0-1

[Event "MFR_QT_2015"]
[Site "Nürnberg"]
[Date "2015.04.01"]
[Round "1.16"]
[White "Babichev, Vyacheslav"]
[Black "Hauck, Martin"]
[Result "1-0"]
[WhiteElo "1830"]
[BlackElo "904"]
[PlyCount "51"]
[EventDate "2015.??.??"]
[WhiteTeam "SW Nürnberg Süd"]
[BlackTeam "SC NT Nürnberg 1873"]

1. b3 Nf6 2. Bb2 Nc6 3. Nf3 d5 4. e3 a6 5. Be2 e6 6. O-O Bd6 7. d3 Qe7 8. Nbd2
e5 9. e4 Ba3 10. Qc1 Bxb2 11. Qxb2 d4 12. h3 b5 13. c3 dxc3 14. Qxc3 Bb7 15.
Rfc1 O-O 16. Nf1 Rfd8 17. Ne3 Nd4 18. Bf1 c5 19. Qxc5 Nxf3+ 20. gxf3 Qd7 21.
Be2 Qxh3 22. Qxe5 Nh5 23. Rc7 Re8 24. Qf5 Bc8 25. Qxf7+ Kh8 26. Qxe8# 1-0

[Event "MFR_QT_2015"]
[Site "Nürnberg"]
[Date "2015.04.01"]
[Round "1.17"]
[White "Mishurisman, Daniel"]
[Black "Gajewski, Richard"]
[Result "0-1"]
[WhiteElo "841"]
[BlackElo "1774"]
[PlyCount "86"]
[EventDate "2015.??.??"]
[WhiteTeam "SC NT Nürnberg"]
[BlackTeam "Gunzenhausen FC"]

1. e4 e5 2. Nf3 Nc6 3. Nc3 Bc5 4. Bc4 Nf6 5. O-O O-O 6. d3 h6 7. Re1 d6 8. Be3
Bb4 9. Bd2 Bg4 10. a3 Bc5 11. h3 Bh5 12. Be3 Bd4 13. Bxd4 Nxd4 14. Re3 Bxf3 15.
Rxf3 Nxf3+ 16. Qxf3 c6 17. Re1 Kh7 18. b4 Rc8 19. a4 Qb6 20. b5 Qa5 21. Qe3
Qxc3 22. Rc1 cxb5 23. axb5 Qd4 24. Qxd4 exd4 25. Ra1 Ra8 26. b6 a5 27. Ra4 Kg6
28. Bd5 Nxd5 29. exd5 Rfc8 30. c4 dxc3 31. Rg4+ Kf6 32. Rf4+ Ke7 33. Re4+ Kd7
34. Rg4 g6 35. Rf4 Ke8 36. Rf6 Rd8 37. Rf3 c2 38. Re3+ Kf8 39. Re1 Rdc8 40. Rc1
Ra6 41. d4 Rxb6 42. Rf1 Rb1 43. Rxb1 cxb1=Q+ 0-1

[Event "MFR_QT_2015"]
[Site "Nürnberg"]
[Date "2015.04.01"]
[Round "1.18"]
[White "Schöne, Steffen"]
[Black "Schanz, Karlheinz"]
[Result "1-0"]
[WhiteElo "1719"]
[BlackElo "1905"]
[PlyCount "75"]
[EventDate "2015.??.??"]
[WhiteTeam "SG Zabo-Eintr Nbg"]
[BlackTeam "SC Mühlh.-Reichelsdorf"]

1. Nf3 d5 2. c4 d4 3. b3 c5 4. Bb2 Nc6 5. e3 e5 6. a3 e4 7. Ng1 d3 8. Nc3 Bf5
9. g4 Bg6 10. h4 h6 11. Bg2 Nf6 12. g5 hxg5 13. hxg5 Rxh1 14. Bxh1 Bh5 15. f3
Nh7 16. Nxe4 Nxg5 17. Ng3 Bg6 18. f4 Bd6 19. Qg4 Ne6 20. Nf3 Qb6 21. Nh4 Bh7
22. Nh5 Bf8 23. f5 Ned4 24. exd4 Qxb3 25. Bc3 cxd4 26. Bxc6+ bxc6 27. Qxd4 Rd8
28. Qe4+ Be7 29. Qxc6+ Kf8 30. Bxg7+ Kg8 31. Bf6 Qb8 32. Qg2+ Kf8 33. Bxe7+
Kxe7 34. Kf1 Rg8 35. Re1+ Kf8 36. Qc6 Rg3 37. Qh6+ Kg8 38. Nf6+ 1-0

[Event "MFR_QT_2015"]
[Site "Nürnberg"]
[Date "2015.04.01"]
[Round "2.1"]
[White "Walter, Manfred"]
[Black "Süß, Helmut"]
[Result "1/2-1/2"]
[WhiteElo "1729"]
[BlackElo "1955"]
[PlyCount "73"]
[EventDate "2015.??.??"]
[WhiteTeam "SV Lauf"]
[BlackTeam "SC NT Nürnberg"]

1. e4 d5 2. exd5 Qxd5 3. Nf3 Bg4 4. Be2 c6 5. d4 e6 6. O-O Nf6 7. c4 Qd8 8. Nc3
Bd6 9. Bg5 h6 10. Bh4 Bxf3 11. Bxf3 Qc7 12. Bg3 Bxg3 13. fxg3 O-O 14. Qe2 Nbd7
15. Ne4 Nxe4 16. Bxe4 Qd8 17. Bc2 Nf6 18. Qd3 g6 19. Rf4 Nh5 20. Rg4 Ng7 21.
Rf1 h5 22. Rgf4 Nf5 23. g4 hxg4 24. Rxg4 Kg7 25. Qe4 Qf6 26. Qf4 Rad8 27. Bxf5
exf5 28. Qxf5 Qxf5 29. Rxf5 Rxd4 30. Rxd4 gxf5 31. Rd7 Rb8 32. Kf2 Kf6 33. Kf3
Ke6 34. Rc7 f6 35. g3 Kd6 36. Rf7 Ke6 37. Rc7 1/2-1/2

[Event "MFR_QT_2015"]
[Site "Nürnberg"]
[Date "2015.04.01"]
[Round "2.2"]
[White "Pidtoptanyy, Igor"]
[Black "Münzenberg, Dietrich"]
[Result "1-0"]
[WhiteElo "1959"]
[BlackElo "1729"]
[PlyCount "67"]
[EventDate "2015.??.??"]
[WhiteTeam "SW Nürnberg Süd"]
[BlackTeam "Zabo-Eintracht Nürnberg"]

1. e4 c6 2. d4 d5 3. Nc3 dxe4 4. Nxe4 Nd7 5. Bd3 Ngf6 6. Ng5 e6 7. N1f3 Bd6 8.
O-O O-O 9. c3 h6 10. Ne4 Nxe4 11. Bxe4 Nf6 12. Bc2 b5 13. Qe2 a5 14. Ne5 Qc7
15. Bf4 Nd5 16. Qd3 f5 17. Bg3 Ba6 18. Rfe1 Rf6 19. f4 c5 20. dxc5 Bxc5+ 21.
Kh1 Rd8 22. Rad1 Rd6 23. Qf3 Bb7 24. Bf2 Ne3 25. Qg3 Nxc2 26. Rxd6 Bxf2 27.
Qxf2 Nxe1 28. Rd7 Nd3 29. Qg3 Bxg2+ 30. Qxg2 Nf2+ 31. Qxf2 Qc8 32. Qa7 Qf8 33.
Qc7 Kh7 34. Rd8 1-0

[Event "MFR_QT_2015"]
[Site "Nürnberg"]
[Date "2015.04.01"]
[Round "2.3"]
[White "Gets, Alexej"]
[Black "Schöne, Steffen"]
[Result "1/2-1/2"]
[WhiteElo "1643"]
[BlackElo "1719"]
[PlyCount "90"]
[EventDate "2015.??.??"]
[WhiteTeam "SC NT Nürnberg"]
[BlackTeam "SG Zabo-Eintr Nbg"]

1. c4 Nf6 2. g3 g6 3. Bg2 Bg7 4. Nc3 O-O 5. d3 d6 6. e3 c6 7. Nge2 e5 8. Qc2
Be6 9. Bd2 Nbd7 10. O-O a5 11. a3 Qc7 12. b4 axb4 13. axb4 d5 14. c5 b5 15.
cxb6 Nxb6 16. Rac1 Rfc8 17. Qb1 Qd7 18. Rfd1 Ne8 19. b5 c5 20. f4 f5 21. fxe5
Bxe5 22. Nf4 Bf7 23. Nce2 g5 24. Nh3 Bh5 25. Re1 h6 26. Nf2 Nd6 27. d4 cxd4 28.
Rxc8+ Rxc8 29. Nxd4 Bxd4 30. exd4 Ne4 31. Nxe4 fxe4 32. Rf1 Nc4 33. Be1 Rb8 34.
Bxe4 dxe4 35. Qxe4 Re8 36. Qc6 Qxd4+ 37. Bf2 Qe4 38. Qxh6 Qg6 39. Qxg6+ Bxg6
40. Rc1 Bf7 41. Rb1 Rb8 42. b6 Rb7 43. Rb5 Kh7 44. Rxg5 Be8 45. Rg4 Bb5 1/2-1/2

[Event "MFR_QT_2015"]
[Site "Nürnberg"]
[Date "2015.04.01"]
[Round "2.4"]
[White "Gajewski, Richard"]
[Black "Walch, Roger"]
[Result "1-0"]
[WhiteElo "1774"]
[BlackElo "1757"]
[PlyCount "89"]
[EventDate "2015.??.??"]
[WhiteTeam "Gunzenhausen FC"]
[BlackTeam "SW Nürnberg Süd"]

1. Nf3 Nf6 2. b3 g6 3. Bb2 Bg7 4. d4 O-O 5. Nbd2 d5 6. e3 Nbd7 7. c4 c6 8. Bd3
Re8 9. O-O Qc7 10. cxd5 Nxd5 11. Bc4 N7b6 12. Rc1 Nxc4 13. Nxc4 Qb8 14. e4 Nf4
15. e5 Bf5 16. Ne1 Bh6 17. Ne3 Be6 18. Rc3 Rd8 19. N1c2 Rd7 20. Ng4 Bg7 21. Qf3
Nd5 22. Rd3 Bf5 23. Rd2 Qc7 24. Nge3 Be6 25. Nxd5 Bxd5 26. Qc3 Bh6 27. Ne3 Qd8
28. f4 Be4 29. Ng4 Bg7 30. Qh3 h5 31. Ne3 e6 32. g4 hxg4 33. Qxg4 c5 34. Rfd1
Rc8 35. h4 Bh6 36. h5 Kh7 37. hxg6+ Bxg6 38. d5 Qg8 39. dxe6 Rxd2 40. Rxd2 fxe6
41. Rd7+ Bf7 42. Kf2 Rb8 43. Qxe6 Rf8 44. Ng4 Kh8 45. Qxh6+ 1-0

[Event "MFR_QT_2015"]
[Site "Nürnberg"]
[Date "2015.04.01"]
[Round "2.5"]
[White "Diebel, Günter"]
[Black "Weißmann, Peter"]
[Result "1-0"]
[WhiteElo "1709"]
[BlackElo "1795"]
[PlyCount "73"]
[EventDate "2015.??.??"]
[WhiteTeam "SW Nürnberg Süd"]
[BlackTeam "SK Zirndorf"]

1. e4 c5 2. Bc4 e6 3. Nc3 a6 4. a4 g6 5. d4 Bg7 6. Nge2 cxd4 7. Nxd4 Nc6 8. Be3
Qc7 9. Ba2 Nge7 10. O-O O-O 11. Qd2 b6 12. Nce2 Bb7 13. f3 Rfd8 14. Bh6 Nxd4
15. Nxd4 Bxh6 16. Qxh6 Qe5 17. c3 Qc5 18. Kh1 d5 19. f4 dxe4 20. Bxe6 Rxd4 21.
cxd4 Qxd4 22. Bh3 Qxb2 23. f5 gxf5 24. Rab1 Qg7 25. Qxb6 Bd5 26. Qd6 Qf8 27.
Bxf5 Nxf5 28. Qxd5 Ne7 29. Qxe4 Ng6 30. Rb7 Re8 31. Qc4 Ne5 32. Qxa6 Ng4 33.
Qa7 Ra8 34. Qd4 Rxa4 35. Qxa4 Ne5 36. Qb3 Qc5 37. Rbxf7 1-0

[Event "MFR_QT_2015"]
[Site "Nürnberg"]
[Date "2015.04.01"]
[Round "2.7"]
[White "Diller, Andreas"]
[Black "Cordts, Elof"]
[Result "1/2-1/2"]
[WhiteElo "1572"]
[BlackElo "1779"]
[PlyCount "79"]
[EventDate "2015.??.??"]
[WhiteTeam "SK Rothenburg e.V."]
[BlackTeam "SC Erlangen"]

1. e4 c5 2. f4 d5 3. e5 Nc6 4. Bb5 Bd7 5. c3 Qb6 6. Ba4 Rd8 7. Nf3 e6 8. d3
Nge7 9. Nbd2 Nf5 10. Qe2 Be7 11. Bc2 d4 12. Ne4 O-O 13. Ng3 Bc8 14. Nxf5 exf5
15. c4 Nb4 16. a3 Nxc2+ 17. Qxc2 Qg6 18. O-O b6 19. Bd2 Bd7 20. b4 Qg4 21. b5
Ra8 22. Rfe1 Bc8 23. a4 Bb7 24. Rf1 h5 25. a5 Kh7 26. a6 Bc8 27. Rac1 Be6 28.
h3 Qg6 29. Ng5+ Bxg5 30. fxg5 Rae8 31. Bf4 f6 32. gxf6 gxf6 33. Rf3 Rg8 34. Rg3
Qf7 35. Rxg8 Rxg8 36. exf6 Qxf6 37. Qe2 Qg6 38. g3 Re8 39. Qf2 Kg8 40. h4
1/2-1/2

[Event "MFR_QT_2015"]
[Site "Nürnberg"]
[Date "2015.04.01"]
[Round "2.8"]
[White "Nagel, Felix"]
[Black "Babichev, Vyacheslav"]
[Result "1-0"]
[WhiteElo "1670"]
[BlackElo "1830"]
[PlyCount "71"]
[EventDate "2015.??.??"]
[WhiteTeam "SC Anderssen Nbg"]
[BlackTeam "SW Nürnberg Süd"]

1. d4 Nf6 2. c4 c5 3. d5 d6 4. Nc3 g6 5. e4 Bg7 6. Bg5 O-O 7. Qd2 Nbd7 8. Bh6
Qa5 9. Bxg7 Kxg7 10. f4 a6 11. Nf3 Re8 12. Bd3 Qc7 13. O-O Nf8 14. Rae1 Bd7 15.
e5 Ng4 16. h3 Nh6 17. Ne4 b5 18. exd6 Qd8 19. Qc3+ f6 20. cxb5 exd6 21. Nxd6
Rxe1 22. Rxe1 Bxb5 23. Nxb5 axb5 24. Qxc5 Rxa2 25. Bxb5 Rxb2 26. Re8 Ne6 27.
Qa7+ Qc7 28. Re7+ Nf7 29. Rxc7 Nxc7 30. Qxc7 Rxb5 31. Nd4 Rb1+ 32. Kh2 h5 33.
Ne6+ Kg8 34. Qc8+ Kh7 35. Qf8 Rb7 36. Qg7# 1-0

[Event "MFR_QT_2015"]
[Site "Nürnberg"]
[Date "2015.04.01"]
[Round "2.9"]
[White "Chowdhury, Sandip"]
[Black "Müller, Ludwig"]
[Result "0-1"]
[WhiteElo "1540"]
[BlackElo "1601"]
[PlyCount "50"]
[EventDate "2015.??.??"]
[WhiteTeam "SC NT Nürnberg"]
[BlackTeam "SG Nürnberg 1978 e.V."]

1. e4 b6 2. c4 Bb7 3. Nc3 e6 4. Nf3 Bb4 5. e5 Bxc3 6. bxc3 d6 7. exd6 Qxd6 8.
Be2 Nf6 9. d4 Nbd7 10. a4 c5 11. a5 O-O 12. O-O Qc7 13. a6 Bc6 14. Re1 Rad8 15.
Bf1 h6 16. Ne5 Nxe5 17. Rxe5 Qxe5 18. dxe5 Rxd1 19. exf6 gxf6 20. Bb2 Rxa1 21.
Bxa1 Rd8 22. Bb2 Rd1 23. f3 Kg7 24. f4 Be4 25. Ba3 Bd3 0-1

[Event "MFR_QT_2015"]
[Site "Nürnberg"]
[Date "2015.04.01"]
[Round "2.10"]
[White "Kuhmann, Peter"]
[Black "Sroka, Dieter"]
[Result "1/2-1/2"]
[WhiteElo "1969"]
[BlackElo "1752"]
[PlyCount "59"]
[EventDate "2015.??.??"]
[WhiteTeam "TSV Kirchehrenbach"]
[BlackTeam "SC  JÄKLECHEMIE"]

1. f4 c5 2. Nf3 Nc6 3. e4 d6 4. Be2 Nf6 5. d3 e6 6. O-O Be7 7. c3 O-O 8. Qc2 b5
9. d4 Qb6 10. dxc5 Qxc5+ 11. Kh1 Ng4 12. Bd3 g6 13. Qe2 b4 14. h3 Nf6 15. Be3
Qa5 16. f5 Nh5 17. Qf2 Ne5 18. Nxe5 Qxe5 19. Bd4 Qg3 20. Be2 Qxf2 21. Bxf2 Nf4
22. Bf3 Ba6 23. Rd1 e5 24. cxb4 Nd3 25. Rd2 Bg5 26. Rxd3 Bxd3 27. Nc3 Bc4 28.
Nd5 Bxd5 29. exd5 gxf5 30. h4 1/2-1/2

[Event "MFR_QT_2015"]
[Site "Nürnberg"]
[Date "2015.04.01"]
[Round "2.11"]
[White "Lais, Thomas"]
[Black "Zeug, Klaus-Peter"]
[Result "1-0"]
[WhiteElo "1936"]
[BlackElo "1613"]
[PlyCount "63"]
[EventDate "2015.??.??"]
[WhiteTeam "SW Nürnberg Süd"]
[BlackTeam "SK Nürnberg"]

1. e4 e5 2. Nf3 Nc6 3. Bb5 a6 4. Ba4 Nf6 5. Qe2 b5 6. Bb3 Be7 7. c3 d6 8. O-O
O-O 9. Rd1 Bb7 10. d4 Qc8 11. h3 Nd7 12. Nbd2 Na7 13. Nf1 c5 14. Ng3 cxd4 15.
Nf5 Nc6 16. cxd4 Qc7 17. d5 Nd4 18. Nxe7+ Kh8 19. Nxd4 exd4 20. Nf5 Rae8 21.
Nxd4 Nc5 22. f3 Qb6 23. Be3 Qd8 24. Qf2 Qf6 25. Nf5 Nxb3 26. axb3 Qg6 27. Bd4
Rg8 28. Qg3 Qxg3 29. Nxg3 Bc8 30. Rdc1 Rgf8 31. Rc7 Kg8 32. Nh5 1-0